00461 a2200157 450000500170000002000220001708200140003910000160005324500370006925000130010626000510011930000700017070000170024070000210025770000250027820250620095459.0 a978-0-07-070089-5 a658.5 CHA aCHASE, B. R aOperations and Supply Management a12th Ed. aNew DelhibTata McGraw- Hill Education c2010. axxv,914p.: ill.; figures, tables, picturesbAppendix, Indexc24cm aRavi Shankar aF. Robert Jacobs aNicholas J. Aquilano